[Event "AUT2o-chT"]
[Site "Eichgraben"]
[Date "2000.10.22"]
[Round "2.34.4"]
[White "Kuthan, Andreas"]
[Black "Angerer, Michael"]
[Result "1/2-1/2"]
[WhiteElo "2192"]
[BlackElo "2046"]
[PlyCount "20"]
[EventDate "2000.10.22"]

1. d4 Nf6 2. Nf3 g6 3. Bg5 Bg7 4. Nbd2 d6 5. e4 Nbd7 6. Bd3 e5 7. c3 O-O 8. O-O
h6 9. Bh4 g5 10. Bg3 Nh5 1/2-1/2

[Event "AUT2o-chT"]
[Site "Eichgraben"]
[Date "2000.10.22"]
[Round "2.35.5"]
[White "Wais, Michael"]
[Black "Vitouch, Anatol"]
[Result "1/2-1/2"]
[WhiteElo "2042"]
[BlackElo "2084"]
[PlyCount "26"]
[EventDate "2000.10.22"]

1. d4 Nf6 2. c4 e6 3. Nc3 Bb4 4. Bd2 b6 5. Nf3 Bb7 6. e3 O-O 7. Be2 d6 8. O-O
Bxc3 9. Bxc3 Ne4 10. Qd3 Nd7 11. Nd2 f5 12. Nxe4 fxe4 13. Qd1 Qg5 1/2-1/2